000 00258nam a22000977a 4500
020 _a0439368030
100 _a Debbie Dadey and Marcia Thornton Jones
245 _aWizards don't wear graduation gowns
260 _aNew York
_b Scholastic
_c2002.
942 _cBK
999 _c264889
_d264888